| 000 | 00347nam a2200145Ia 4500 | ||
|---|---|---|---|
| 008 | 150201s2013 xx 000 0 und d | ||
| 082 |
_a610.7362 _bE13S |
||
| 100 | _aSHARMA, RIMPLE | ||
| 245 | _aESSENTIALS OF PEDIATRIC NURSING | ||
| 250 | _a1ST | ||
| 260 |
_bJAYPEE _aINDIA _c2013 |
||
| 300 | _a825 | ||
| 650 | _aPEDIATRICS | ||
| 942 |
_2ddc _cBK _043 |
||
| 999 |
_c2222 _d2222 |
||